Normal view MARC view
  • Motorola 68000 series microprocessors

Entry Topical Term

Number of records used in: 3

001 - CONTROL NUMBER

  • control field: 105873

003 - CONTROL NUMBER IDENTIFIER

  • control field: NUST

005 - DATE AND TIME OF LATEST TRANSACTION

  • control field: 20221226103219.0

008 - FIXED-LENGTH DATA ELEMENTS

  • fixed length control field: 221226|| aca||aabn | a|a d

040 ## - CATALOGING SOURCE

  • Original cataloging agency: NUST
  • Transcribing agency: NUST

150 ## - HEADING--TOPICAL TERM

  • Topical term or geographic name entry element: Motorola 68000 series microprocessors

670 ## - SOURCE DATA FOUND

  • Source citation: Work cat.: (NUST)183788: Noor, Asghar. 105872, System design with the MC68020, MC68030, and MC68040 32-bit microprocessors /, c1994.
© 2023 Central Library, National University of Sciences and Technology. All Rights Reserved.